| 000 | 00855cab a2200241 4500 | ||
|---|---|---|---|
| 001 | WB3238-45 | ||
| 008 | 090401t1996 xxu||||| |||| 00| 0 eng d | ||
| 035 | _a(Sirsi) u20705 | ||
| 041 | _aeng | ||
| 245 | _aBypass scheme left house worthless | ||
| 260 | _c1996 | ||
| 350 | _a0 | ||
| 490 |
_aTimes _v8 October 1996, 3(2) |
||
| 520 | _aThe High Court was told how a £450 000 retirement home on the Norfolk Broads was transformed into a worthless liability after plans for a major road to be built yards away and a decision that the owners were not entitled to compensation. | ||
| 650 | _aBLIGHT | ||
| 650 | _aCOMPENSATION | ||
| 650 | _aLOCAL AUTHORITIES | ||
| 650 | _aNORFOLK CC | ||
| 650 | _aPROPERTY-INFRASTRUCTURE-TRANSPORT INFRASTRUCTURE-ROAD INFRASTRUCTURE | ||
| 690 | _aPLANNING LAW AND PRACTICE | ||
| 942 | _n0 | ||
| 948 | _c04/03/1997 | ||
| 999 |
_c13871 _d13871 |
||